|
|
|
|
| LEADER |
00000cam a2200000 a 4500 |
| 001 |
vtls008333685 |
| 003 |
SK-MaSNL |
| 005 |
20260302085509.0 |
| 008 |
251124s1971 xo o gr 001 0 slo |
| 015 |
|
|
|a SNBA1973/02-00377
|
| 035 |
|
|
|a SK01SNK19730025902
|
| 035 |
|
|
|a SKM000028365
|
| 040 |
|
|
|a SNK
|b slo
|c SNK
|e AACR2
|
| 041 |
0 |
|
|a slo
|
| 044 |
|
|
|a xo
|c SK
|
| 072 |
|
7 |
|a 026/027
|x Knižnice
|2 konspekt
|
| 080 |
|
|
|a 026/027
|2 2011
|
| 080 |
|
|
|a 82:316.3
|2 2011
|
| 080 |
|
|
|a 82:32
|2 2011
|
| 080 |
|
|
|a (082)
|2 2011
|
| 080 |
|
|
|a (082.2)
|2 2011
|
| 245 |
0 |
0 |
|a Spoločenskovedné informácie v knižniciach
|b zborník referátov a koreferátov na seminári o práci s politikou a spoločenskovednou literatúrou usporiadaného pri príležitosti 50. výročia založenia KSČ : Tále, 28.-29.4.1971
|c úvodom: Ján Mičovský
|
| 260 |
|
|
|a Banská Bystrica
|b Štátna vedecká knižnica
|c 1971
|
| 300 |
|
|
|a 115, [2] s.
|c 30 cm
|
| 366 |
|
|
|e 200 výt.
|
| 500 |
|
|
|a Fot. Zozn. účastníkov seminára
|
| 500 |
|
|
|a Pre internú potrebu knižníc
|
| 650 |
0 |
7 |
|a knižnice
|2 SNKPH
|9 17965
|
| 650 |
0 |
7 |
|a literatúra a spoločnosť
|2 SNKPH
|9 64420
|
| 650 |
0 |
7 |
|a literatúra a politika
|2 SNKPH
|9 67009
|
| 650 |
0 |
7 |
|a Libraries
|2 SNKPHeng
|9 266251
|
| 650 |
0 |
7 |
|a Literature and society
|2 SNKPHeng
|9 283115
|
| 650 |
0 |
7 |
|a literature and politics
|2 SNKPHeng
|9 283114
|
| 655 |
|
7 |
|a zborníky
|2 SNKPH
|9 70165
|
| 655 |
|
7 |
|a Papers of several authors
|2 SNKPHeng
|9 153738
|
| 655 |
|
7 |
|a Jubilee books
|2 SNKPHeng
|9 281827
|
| 655 |
|
7 |
|a jubilejné publikácie
|2 SNKPH
|9 70339
|
| 700 |
1 |
|
|a Mičovský, Ján,
|d 1920-1988
|4 aui
|9 48449
|
| 852 |
|
|
|a Štátna vedecká knižnica v Banskej Bystrici
|
| 958 |
|
|
|a OND
|
| 958 |
|
|
|a RM
|
| 958 |
|
|
|a RK
|
| 999 |
|
|
|c 1192465
|d 1194395
|
| 952 |
|
|
|a SNK
|b SNK
|y PREZ
|7 0
|p 17A0897798
|o snkSB 19144
|i snkKSP 1992/73
|0 0
|1 0
|4 0
|d 2015-07-16
|l 0
|r 2025-03-20 00:00:00
|w 2026-02-24
|
| 952 |
|
|
|a SNK
|b SNK
|y VYP
|7 0
|o snkSB 19144 D1
|i snkD 1245/74
|8 1
|0 0
|1 0
|4 0
|d 2015-07-16
|l 0
|r 2026-02-24 22:16:10
|w 2026-02-24
|